I have seen your tears : (Record no. 125141)
[ view plain ]
| 000 -LEADER | |
|---|---|
| fixed length control field | 01298cam a2200325 a 4500 |
| 001 - CONTROL NUMBER | |
| control field | 655991 |
| 003 - CONTROL NUMBER IDENTIFIER | |
| control field | ARRUPE |
| 005 - DATE AND TIME OF LATEST TRANSACTION | |
| control field | 20160824154632.0 |
| 008 - FIXED-LENGTH DATA ELEMENTS--GENERAL INFORMATION | |
| fixed length control field | 941101s1995 mou 000 0 eng d |
| 010 ## - LIBRARY OF CONGRESS CONTROL NUMBER | |
| LC control number | 94073018 |
| 020 ## - INTERNATIONAL STANDARD BOOK NUMBER | |
| International Standard Book Number | 0892437650 |
| 035 ## - SYSTEM CONTROL NUMBER | |
| System control number | (OCoLC)33858367 |
| 040 ## - CATALOGING SOURCE | |
| Original cataloging agency | OWorP |
| Transcribing agency | OWorP |
| Modifying agency | DLC |
| 041 1# - LANGUAGE CODE | |
| Language code of text/sound track or separate title | eng |
| Language code of original and/or intermediate translations of text | ger |
| 042 ## - AUTHENTICATION CODE | |
| Authentication code | lccopycat |
| 050 00 - LIBRARY OF CONGRESS CALL NUMBER | |
| Classification number | RX4705.H257A3 1995 |
| 082 00 - DEWEY DECIMAL CLASSIFICATION NUMBER | |
| Classification number | 362.1/9699432/0092 |
| -- | B |
| Edition number | 20 |
| 300 ## - PHYSICAL DESCRIPTION | |
| Dimensions | 19 cm. |
| 100 1# - MAIN ENTRY--PERSONAL NAME | |
| Personal name | Häring, Bernhard, |
| Dates associated with a name | 1912- |
| 9 (RLIN) | 25498 |
| 240 10 - UNIFORM TITLE | |
| Uniform title | <a href="Ich habe Deine Tränen gesehen.">Ich habe Deine Tränen gesehen.</a> |
| Language of a work | English |
| 245 10 - TITLE STATEMENT | |
| Title | I have seen your tears : |
| Remainder of title | notes of support from a fellow sufferer / |
| Statement of responsibility, etc | Bernard Häring ; translated by Robert Hodge. |
| 250 ## - EDITION STATEMENT | |
| Edition statement | 1st ed. in English |
| 260 ## - PUBLICATION, DISTRIBUTION, ETC. (IMPRINT) | |
| Place of publication, distribution, etc | Liguori, Mo. : |
| Name of publisher, distributor, etc | Liguori Pub., |
| Date of publication, distribution, etc | c1995. |
| 300 ## - PHYSICAL DESCRIPTION | |
| Extent | xiv, 114 p. ; |
| 600 10 - SUBJECT ADDED ENTRY--PERSONAL NAME | |
| Personal name | Häring, Bernhard, |
| Dates associated with a name | 1912- |
| General subdivision | Health. |
| 9 (RLIN) | 25499 |
| 650 #0 - SUBJECT ADDED ENTRY--TOPICAL TERM | |
| Topical term or geographic name as entry element | Suffering |
| General subdivision | Religious aspects |
| -- | Catholic Church. |
| 9 (RLIN) | 25500 |
| 650 #0 - SUBJECT ADDED ENTRY--TOPICAL TERM | |
| Topical term or geographic name as entry element | Cancer |
| General subdivision | Religious aspects |
| -- | Catholic Church. |
| 9 (RLIN) | 25501 |
| 906 ## - LOCAL DATA ELEMENT F, LDF (RLIN) | |
| a | 7 |
| b | cbc |
| c | copycat |
| d | 3 |
| e | opcn |
| f | 19 |
| g | y-gencatlg |
| 942 ## - ADDED ENTRY ELEMENTS (KOHA) | |
| Source of classification or shelving scheme | Library of Congress Classification |
| Koha item type | Monograph ( Printed materials) |
| Withdrawn status | Lost status | Source of classification or shelving scheme | Damaged status | Not for loan | Collection code | Home library | Current library | Shelving location | Date acquired | Total Checkouts | Full call number | Barcode | Date last seen | Price effective from | Koha item type |
|---|---|---|---|---|---|---|---|---|---|---|---|---|---|---|---|
| Library of Congress Classification | Main Collection | ARRUPE LIBRARY | ARRUPE LIBRARY | Main Collection | 24/08/2016 | BX4705.H257A3 1995 | 46500009589 | 22/11/2017 | 24/08/2016 | Monograph ( Printed materials) |